000 00983cam a22003134a 4500
999 _c1807
_d1807
001 12687377
003 OSt
005 20210630090759.0
008 020226s2003 moua b 001 0 eng
010 _a 2002025077
020 _a032301660X
035 _a(DLC)3357
040 _aDLC
_cDLC
_dDLC
042 _apcc
050 0 0 _aRT71
_b.B35 2003
082 0 0 _a610.7/73
_221
245 0 0 _aBasic nursing :
_bessentials for practice /
_c[edited by] Patricia A. Potter, Anne Griffin Perry.
250 _a5th ed.
260 _aSt. Louis, Mo. :
_bMosby,
_cc2003.
300 _axxvii, 994 p. :
_bill. (chiefly col.) ;
_c29 cm.
504 _aIncludes bibliographical references and index.
650 0 _aNursing.
650 0 _aNursing
_xStudy and teaching.
700 1 _aPotter, Patricia Ann.
700 1 _aPerry, Anne Griffin.
906 _a7
_bcbc
_corignew
_d1
_eocip
_f20
_gy-gencatlg
942 _2lcc
_cBK
_nDO